000 01284nam a22002657a 4500
001 5378
003 FISKH
005 20241129122452.0
008 241129b cb ||||| |||| 00| 0 eng d
020 _a9780571146239
040 _aFISKH
_beng
_cFISKH
_dFISKH
082 _a823
100 _aIreson, Barbara
245 _aFighting in break and other stories /
_cEdited by Barbara Ireson : illustrated by Susan Hellard
250 _aFirst published in 1987
260 _aLondon :
_bFaber and Faber Limited ;
_c1987.
300 _a117 pages :
_billustrations ;
_c23 cm .
505 _aS
520 _aNicholas and Geoffrey don't really want to fight in break, but their friends are determined that they should. Things turn out unexpectedly for them, as they also do for Rita when she meets the amazing Mrs Pepperpot, for Ovey the 'egg-shaped' boy when he at last gets a chance to show his talents, and for Charlie Robinson when he tries to help a student teacher to liven up her maths lesson. Fighting in Break also includes stories by Robin Klein, Dorothy Edwards, George Layton, Margaret Joy and several others.
521 8 _a790
_bLexile estimate
521 8 _aS
_bRaz-Plus
700 _aHellard, Susan
_eillustrator
942 _2ddc
_cBK
_n0
999 _c5378
_d5378